00735nam a2200193 a 4500003000200000005001700002008004100019050003400060100003100094245007300125260009300198300004000291504004100331650004000372650003100412650003200443650004200475650002400517020250213121221.0120718s19uu xx 00 eng d aPGS LB 1139.5.N37b.M188 2012 aMagallanes, Miguel Ryan C. aEating habits and academic performance /cMiguel Ryan C. Magallanes. aLas Piñas City, Philippines : bSouthville International School and Colleges, c2012. a28 pages :billustrations ;c28 cm. aIncludes bibliographical references. aNutrition and academic achievement. aEating habits in children. aSchool childrenvNutrition. aAcademic achievementvHealth aspects. aDiet and education.